Chlpatý pes Toma Edisona

Bibliographic Details
Main Author: Vonnegut, Kurt, 1922-2007 (Author)
Other Authors: Babjak, Dušan (Translator)
Format: Article
Language:Slovak
English
Subjects:

MARC

LEADER 00000nab a2200000 a 4500
001 vtls000183779
003 SK-MaSNL
005 20260303233829.0
008 111106c1984 xo 0 slo
015 |a SNBRB19rr/mm-uuuuu 
035 |a CL0193892 
040 |a SNKBUCL  |b slo  |c SNKBUCL  |e AACR2 
041 1 |a slo  |h eng 
044 |a xo  |c SK 
080 |a 820 (73)-7  |2 1981 
100 1 |a Vonnegut, Kurt,  |d 1922-2007  |4 aut  |9 243309 
245 1 0 |a Chlpatý pes Toma Edisona  |c K. Vonnegut ; preklad Dušan Babjak 
500 |a V rubrike Poviedka na tento týždeň. Informácia o autorovi 
500 |a Preložené z angličtiny 
655 7 |a americké poviedky  |2 snkbucl  |9 70544 
655 7 |a humoristické poviedky  |2 snkbucl  |9 278484 
655 7 |a články z novín a časopisov  |2 snkbucl  |9 267496 
655 7 |a články z odboru literárna veda a krásna literatúra  |2 snkbucl  |9 770045 
700 1 |a Babjak, Dušan  |4 trl  |9 6372 
773 0 |t Život  |g Roč. 34, č. 16 (1984), s. 42-43 
850 |a Slovenská národná knižnica v Martine  |a MTA001 
852 |a SNK  |b KIS3GCP 
958 |a RK 
958 |a LX 
992 |a RBX 
999 |c 2517321  |d 2519251